MyGZULibrary

Community psychology : (Record no. 4227)

MARC details
000 -LEADER
fixed length control field 00903pam a2200265 a 4500
001 - CONTROL NUMBER
control field 2487884
003 - CONTROL NUMBER IDENTIFIER
control field GZU
005 - DATE AND TIME OF LATEST TRANSACTION
control field 20210315094459.0
008 - FIXED-LENGTH DATA ELEMENTS--GENERAL INFORMATION
fixed length control field 910806s1992 enka b 001 0 eng c
010 ## - LIBRARY OF CONGRESS CONTROL NUMBER
LC control number 91030651
020 ## - INTERNATIONAL STANDARD BOOK NUMBER
International Standard Book Number 047191147X (ppc) :
Terms of availability $56.00
020 ## - INTERNATIONAL STANDARD BOOK NUMBER
International Standard Book Number 0471931705 (paper) :
Terms of availability $29.00
040 ## - CATALOGING SOURCE
Original cataloging agency DNLM/DLC
Transcribing agency DLC
Modifying agency DLC
050 00 - LIBRARY OF CONGRESS CALL NUMBER
Classification number RA790.55
Item number .ORF 1992
100 1# - MAIN ENTRY--PERSONAL NAME
Personal name Orford, Jim.
Relator term author
245 10 - TITLE STATEMENT
Title Community psychology :
Remainder of title theory and practice /
Statement of responsibility, etc. Jim Orford.
260 ## - PUBLICATION, DISTRIBUTION, ETC.
Place of publication, distribution, etc. Chichester [England] ;
-- New York :
Name of publisher, distributor, etc. J. Wiley,
Date of publication, distribution, etc. c1992.
300 ## - PHYSICAL DESCRIPTION
Extent viii, 292 p. :
Other physical details ill. ;
Dimensions 24 cm.
504 ## - BIBLIOGRAPHY, ETC. NOTE
Bibliography, etc. note Includes bibliographical references (p. [262]-283) and index.
650 #0 - SUBJECT ADDED ENTRY--TOPICAL TERM
Topical term or geographic name entry element Community psychology.
650 #2 - SUBJECT ADDED ENTRY--TOPICAL TERM
Topical term or geographic name entry element Community Mental Health Services
Geographic subdivision Great Britain.
650 #2 - SUBJECT ADDED ENTRY--TOPICAL TERM
Topical term or geographic name entry element Psychology, Social.
906 ## - LOCAL DATA ELEMENT F, LDF (RLIN)
a 7
b cbc
c orignew
d 1
e ocip
f 19
g y-gencatlg
942 ## - ADDED ENTRY ELEMENTS (KOHA)
Source of classification or shelving scheme Library of Congress Classification
Koha item type Books
Classification part 790.55
Item part ORF
Call number prefix RA
Holdings
Withdrawn status Lost status Source of classification or shelving scheme Damaged status Not for loan Collection code Home library Current library Shelving location Date acquired Inventory number Total Checkouts Full call number Barcode Date last seen Copy number Price effective from Koha item type
    Library of Congress Classification     Non-fiction City Campus Library City Campus Library General Stacks 03/15/2021 9977   RA790.55 ORF 1992 G20486 03/15/2021 c.1 03/15/2021 Books